<?xml version="1.0" encoding="UTF-8"?><?xml-stylesheet type="text/xsl" href="static/style.xsl"?><OAI-PMH xmlns="http://www.openarchives.org/OAI/2.0/" xmlns:xsi="http://www.w3.org/2001/XMLSchema-instance" xsi:schemaLocation="http://www.openarchives.org/OAI/2.0/ http://www.openarchives.org/OAI/2.0/OAI-PMH.xsd"><responseDate>2026-06-29T07:30:32Z</responseDate><request verb="GetRecord" identifier="oai:docta.ucm.es:20.500.14352/124144" metadataPrefix="marc">https://docta.ucm.es/rest/oai/request</request><GetRecord><record><header><identifier>oai:docta.ucm.es:20.500.14352/124144</identifier><datestamp>2025-09-20T00:07:48Z</datestamp><setSpec>com_20.500.14352_14</setSpec><setSpec>col_20.500.14352_15</setSpec></header><metadata><record xmlns="http://www.loc.gov/MARC21/slim" xmlns:dcterms="http://purl.org/dc/terms/" xmlns:xsi="http://www.w3.org/2001/XMLSchema-instance" xmlns:doc="http://www.lyncode.com/xoai" xsi:schemaLocation="http://www.loc.gov/MARC21/slim http://www.loc.gov/standards/marcxml/schema/MARC21slim.xsd">
   <leader>00925njm 22002777a 4500</leader>
   <datafield ind2=" " ind1=" " tag="042">
      <subfield code="a">dc</subfield>
   </datafield>
   <datafield ind2=" " ind1=" " tag="720">
      <subfield code="a">Sáiz Ripoll, Anabel</subfield>
      <subfield code="e">author</subfield>
   </datafield>
   <datafield ind2=" " ind1=" " tag="260">
      <subfield code="c">2010</subfield>
   </datafield>
   <datafield ind2=" " ind1=" " tag="520">
      <subfield code="a">La literatura infantil y juvenil aborda muchos temas, todos pueden ser interesantes a la hora de leer, pero conviene saber qué recomendamos a nuestros hijos y cuándo hacerlo. En la literatura infantil y juvenil, sobre todo en la juvenil, durante mucho tiempo, el tema de la muerte se consideró tabú. Como leemos en el relato de Juan Farias, “El Capitán”: “Las personas mayores no dejan que los niños se acerquen a la muerte”. No obstante, desde el llamado “realismo crítico”, cambió la situación y se introdujeron en la literatura temas tan escabrosos, para algunos, como pueden ser el sexo, la droga o la muerte.</subfield>
   </datafield>
   <datafield ind1="8" ind2=" " tag="024">
      <subfield code="a">Sáiz Ripoll, A. "¡Un día volveremos a encontrarnos!" Aproximación a la muerte en la literaura infantil y juvenil. Espéculo: Revista de Estudios Literarios. 2010 (45).</subfield>
   </datafield>
   <datafield ind1="8" ind2=" " tag="024">
      <subfield code="a">1139-3637</subfield>
   </datafield>
   <datafield ind1="8" ind2=" " tag="024">
      <subfield code="a">https://hdl.handle.net/20.500.14352/124144</subfield>
   </datafield>
   <datafield ind1="8" ind2=" " tag="024">
      <subfield code="a">https://webs.ucm.es/info/especulo/numero45/volencon.html</subfield>
   </datafield>
   <datafield ind2="0" ind1="0" tag="245">
      <subfield code="a">"¡Un día volveremos a encontrarnos!" Aproximación a la muerte en la literatura infantil y juvenil</subfield>
   </datafield>
</record></metadata></record></GetRecord></OAI-PMH>